| 000 | 00450nam a22001697a 4500 | ||
|---|---|---|---|
| 003 | NUST - PNEC | ||
| 005 | 20170116180840.0 | ||
| 008 | 150819b xxu||||| |||| 00| 0 eng d | ||
| 020 | _a- | ||
| 040 | _cLIBRARY | ||
| 082 | _a530.1 PAU | ||
| 100 |
_95280 _aPauling, Linus |
||
| 245 |
_aIntroduction to quantum mechanics : with applications to chemistry _cLinus Pauling |
||
| 260 | _cc.1935 | ||
| 650 |
_95282 _aQuantum theory _xME |
||
| 942 |
_2ddc _cBK |
||
| 999 |
_c64360 _d64360 |
||